| 000 | 01566nam a2200325 i 4500 | ||
|---|---|---|---|
| 001 | 16944 | ||
| 003 | ES-MaACL | ||
| 005 | 20250624062836.0 | ||
| 007 | t| | ||
| 008 | 001127s1954 sp ||||1| spa d | ||
| 080 | _a75 Vázquez Díaz, Daniel (064.3) | ||
| 100 | 1 |
_aVázquez Díaz, Daniel. _9113433 |
|
| 245 | 1 | 3 |
_aEl niño ciego de Vázquez Díaz _b: [exposición, Sala del Prado del Ateneo de Madrid, 17-30 de abril de 1954] / _c[texto de] Vicente Aleixandre. |
| 260 |
_aMadrid : _bAteneo, _c1954. |
||
| 300 |
_a[30] p. : _bprincipalmente il. n. ; _c22 cm. |
||
| 490 | 1 |
_aCuadernos de arte. Colección ordinaria ; _v1 |
|
| 600 | 1 | 4 |
_aVázquez Díaz, Daniel- _vExposiciones. _9113434 |
| 610 | 2 | 4 |
_aAteneo de Madrid- _vExposiciones- _y1950-1959 _91919 |
| 610 | 2 |
_aAteneo de Madrid- _vObras digitalizadas. _91930 |
|
| 655 | 7 |
_2tgfbne _9193628 _aCatálogos de exposiciones |
|
| 700 | 1 |
_aAleixandre, Vicente, _d1898-1984 _919688 |
|
| 710 | 2 |
_aAteneo de Madrid. _bSala del Prado. _91965 |
|
| 830 | 0 |
_aCuadernos de arte. Colección ordinaria _v1 _9180064 |
|
| 852 |
_aES-MaACL _j2159-F-1 _bR.129314 _917329 _cDEPOF _gDedicatoria manuscrita de Luis Alonso, empleado del Ateneo de Madrid , a la Biblioteca del Ateneo de Madrid _hDonación: Luis Alonso Martínez _zRevisado enlace: 20 de Abril de 2025 |
||
| 852 |
_aES-MaACL _jC-29565(10) _917328 |
||
| 856 | 4 |
_uhttp://www.ateneodemadrid.com/biblioteca_digital/folletos/CACo-001.pdf _zVer documento _yVer documento |
|
| 903 |
_977846 _aMartínez Alonso, Luis _ednr |
||
| 942 | _2udc | ||
| 999 |
_c16944 _d16944 |
||